| 000 | 00748nam a22001817a 4500 | ||
|---|---|---|---|
| 999 |
_c14996 _d14996 |
||
| 003 | OSt | ||
| 082 | _2631.75 807ABE/IM | ||
| 088 | _aP 328 | ||
| 100 |
_aABEENA M. A _aMAMATHA PRABHAKAR _aSIBIN C. BABY _93861 |
||
| 245 | _aImpact of grow lights on crop performance under simulated growing environment | ||
| 260 |
_aTavanur 2016 _bDepartment of Land & Water Resources and Conservation Engineering |
||
| 300 | _a65 | ||
| 500 | _aImpact of grow lights on crop performance under simulated growing environment | ||
| 520 | _aImpact of grow lights on crop performance under simulated growing environment | ||
| 700 |
_aDr. Abdul Hakkim V. M (Guide) _93491 |
||
| 856 | _uhttps://drive.google.com/open?id=1FkpLaZikAzrFIcAbEBtNMjPhLCOZ7fgC | ||
| 942 | _cPR | ||